| 000 | 00576nam a22001577a 4500 | ||
|---|---|---|---|
| 020 | _a9781259062919 | ||
| 040 | _cNUST | ||
| 082 | _a620.105 BEE | ||
| 100 | _aBeer, Ferdinand P. | ||
| 110 |
_aJohnston, E. Russell. Mazurek, David F. Cornwell, Phillip J. Sanghi, Sanjeev. Self, Brian P. _9112886 |
||
| 245 |
_aVector Mechanics for Engineers: _bStatics and Dynamics |
||
| 250 |
_a10th Edition _bSi Units |
||
| 260 |
_aNew Dehli: _bMcGraw Hill Education, _c2015. |
||
| 650 |
_aTEXTBOOKS-MTS. VECTOR MECHANICS FOR ENGINEERS STATICS AND DYNAMICS _9112952 |
||
| 942 |
_2ddc _cTEXT |
||
| 999 |
_c594881 _d594881 |
||